000 00680cam a22002413a 4500
001 3745
003 PGUSA
005 20140828083037.0
008 030201s2003||||xxu|||||s|||||000 1 eng d
040 _aPGUSA
_beng
042 _adc
050 4 _aPS
100 1 _aDaviess, Maria Thompson,
_d1872-1924
245 1 4 _aThe Road to Providence
_h[electronic resource] /
_cMaria Thompson Daviess
260 _bProject Gutenberg,
_c2003
506 _aPublic domain in the USA.
516 _aElectronic text
653 _aFarm life -- Fiction
653 _aTennessee -- Fiction
830 0 _aProject Gutenberg
_v3745
856 4 0 _uhttp://www.gutenberg.org/ebooks/3745
942 _cEB
999 _c233074
_d233074